A Bad Spell for the Worst Witch / (Record no. 5414)

MARC details
000 -LEADER
fixed length control field 01074nam a22003137a 4500
001 - CONTROL NUMBER
control field 5414
003 - CONTROL NUMBER IDENTIFIER
control field FISKH
005 - DATE AND TIME OF LATEST TRANSACTION
control field 20241204114334.0
008 - FIXED-LENGTH DATA ELEMENTS--GENERAL INFORMATION
fixed length control field 241204b cb ||||| |||| 00| 0 eng d
020 ## - INTERNATIONAL STANDARD BOOK NUMBER
International Standard Book Number 490590630297
040 ## - CATALOGING SOURCE
Original cataloging agency FISKH
Language of cataloging eng
Transcribing agency FISKH
Modifying agency FISKH
050 ## - LIBRARY OF CONGRESS CALL NUMBER
Classification number PZ7.M9534
082 ## - DEWEY DECIMAL CLASSIFICATION NUMBER
Classification number 823.92
100 ## - MAIN ENTRY--PERSONAL NAME
Personal name Murphy, Jill
245 ## - TITLE STATEMENT
Title A Bad Spell for the Worst Witch /
Statement of responsibility, etc. by Jill Murphy
250 ## - EDITION STATEMENT
Edition statement First Candlewick Press edition 2000
260 ## - PUBLICATION, DISTRIBUTION, ETC.
Place of publication, distribution, etc. Massachusetts :
Name of publisher, distributor, etc. Candlewick Press ;
Date of publication, distribution, etc. 1974.
300 ## - PHYSICAL DESCRIPTION
Extent 127 pages :
Other physical details illustrations ;
Dimensions 21 cm .
490 ## - SERIES STATEMENT
Series statement The Worst Witch
Volume/sequential designation Book 3
505 ## - FORMATTED CONTENTS NOTE
Formatted contents note Z <br/>
520 ## - SUMMARY, ETC.
Summary, etc. Although her second year at Miss Cackle's Academy for Witches starts off better than her first, Mildred Hubble soon regains her reputation as the worst witch in the school when she and Ethel Hallow resume feuding.
521 8# - TARGET AUDIENCE NOTE
Target audience note 1060 <br/>
Source Lexile <br/>
521 8# - TARGET AUDIENCE NOTE
Target audience note Z <br/>
Source Raz-Plus <br/>
650 ## - SUBJECT ADDED ENTRY--TOPICAL TERM
Topical term or geographic name entry element Witches
Form subdivision Fiction
650 ## - SUBJECT ADDED ENTRY--TOPICAL TERM
Topical term or geographic name entry element Schools
Form subdivision Fiction
700 ## - ADDED ENTRY--PERSONAL NAME
Personal name Murphy, Jill
Relator term illustrator
942 ## - ADDED ENTRY ELEMENTS (KOHA)
Source of classification or shelving scheme Dewey Decimal Classification
Koha item type Books
Suppress in OPAC No
Holdings
Withdrawn status Lost status Source of classification or shelving scheme Damaged status Not for loan Collection Home library Current library Shelving location Date acquired Total Checkouts Full call number Barcode Date last seen Price effective from Koha item type
    Dewey Decimal Classification     Fiction Footprints International School Library Network Toul Kork Campus Footprints International School Library Network Toul Kork Campus TTP Secondary Fiction Bookshelves 12/04/2024   MUR 823.92 PZ7.M9534 FIS00780 12/04/2024 12/04/2024 Books